Научно-практические основы устойчивого ведения аграрного производства (Запись № 10509430)

Подробности
000 -МАРКЕР
контрольное поле 04252nam0a2200433 i 4500
001 - ИДЕНТИФИКАТОР ЗАПИСИ
контрольное поле RU\NLR\BIBL_A\010882015
005 - ИДЕНТИФИКАТОР ВЕРСИИ
контрольное поле 20240921150952.0
010 ## - МЕЖДУНАРОДНЫЙ СТАНДАРТНЫЙ НОМЕР КНИГИ (ISBN)
Номер (ISBN) 9785855369427
Тираж 500
021 ## - НОМЕР ГОСУДАРСТВЕННОЙ РЕГИСТРАЦИИ
Код страны Российская Федерация
Номер 2015-78166
Номер Листа государственной регистраци 4729
035 ## - ДРУГИЕ СИСТЕМНЫЕ НОМЕРА
Идентификатор записи (NILC)RuMoRGB-008039629
035 ## - ДРУГИЕ СИСТЕМНЫЕ НОМЕРА
Идентификатор записи (NLR Aleph) 010882015
100 ## - ДАННЫЕ ОБЩЕЙ ОБРАБОТКИ
Данные общей обработки 20151106d2015 k y0rusy50 ca
101 0# - ЯЗЫК РЕСУРСА
Язык текста, звукозаписи и т.д. русский
-- английский
102 ## - СТРАНА ПУБЛИКАЦИИ ИЛИ ПРОИЗВОДСТВА
Страна публикации Российская Федерация
105 ## - ПОЛЕ КОДИРОВАННЫХ ДАННЫХ: ТЕКСТОВЫЕ МАТЕРИАЛЫ, МОНОГРАФИЧЕСКИЕ
Кодированные данные о монографическом текстовом документе a z 100yy
200 1# - ЗАГЛАВИЕ И СВЕДЕНИЯ ОБ ОТВЕТСТВЕННОСТИ
Основное заглавие Научно-практические основы устойчивого ведения аграрного производства
Обозначение и номер части [гл. 5-9]
Наименование части (Механизация, технология производства, переработки и хранения сельскохозяйственной продукции, животноводство, проблемы экологии и охраны окружающей среды в сельском хозяйстве, экономика и социология)
Сведения, относящиеся к заглавию материалы IV-ой Международной научно-практической конференции молодых учёных ["Актуальные вопросы развития аграрной науки в современных экономических условиях"], 22-23 мая 2015 года
Первые сведения об ответственности [науч. ред.: д.с.-х.н., проф., акад. В. П. Зволинский]
210 ## - ПУБЛИКАЦИЯ, РАСПРОСТРАНЕНИЕ И ДР.
Место издания, распространения и т.д. Волгоград
Имя издателя, распространителя и т. д. ИПК ФГБОУ ВПО Волгоградский ГАУ "Нива"
Дата издания, распространения и т.д. 2015
215 ## - ФИЗИЧЕСКАЯ ХАРАКТЕРИСТИКА
Специфическое обозначение материала и объем 230 с.
Другие сведения о физической характеристике ил.
Размеры 29
300 ## - ОБЩИЕ ПРИМЕЧАНИЯ
Текст примечания В надзаг.: Федер. агентство науч. орг. России, Отд-ние с.-х. наук РАН, Федер. гос. бюджет. науч. учреждение "Прикаспийский науч.-исслед. ин-т аридного земледелия", Прикаспийский науч.-производ. центр по подготовке науч. кадров [и др.]
300 ## - ОБЩИЕ ПРИМЕЧАНИЯ
Текст примечания Часть текста на англ. яз.
311 ## - ПРИМЕЧАНИЯ, ОТНОСЯЩИЕСЯ К ПОЛЯМ СВЯЗИ (ПРИМЕЧАНИЯ О СВЯЗИ С ДРУГИМИ ПРОИЗВЕДЕНИЯМИ (ИЗДАНИЯМИ))
Текст примечания Начало: Актуальные вопросы развития аграрной науки в современных экономических условиях, [гл. 1-4]: материалы IV-ой международной научно-практической конференции молодых учёных, 22-23 мая 2015 года. Волгоград, 2015
320 ## - ПРИМЕЧАНИЯ О НАЛИЧИИ В ДОКУМЕНТЕ БИБЛИОГРАФИИ / УКАЗАТЕЛЯ
Текст примечания Библиогр. в конце ст.
488 #0 - ДРУГИЕ ВЗАИМОСВЯЗАННЫЕ ПРОИЗВЕДЕНИЯ (ДОКУМЕНТЫ)
Встроенное поле 2001#$aАктуальные вопросы развития аграрной науки в современных экономических условиях$h[гл. 1-4]$eматериалы IV-ой международной научно-практической конференции молодых учёных, 22-23 мая 2015 года
-- 210##$aВолгоград$d2015
Заглавие Актуальные вопросы развития аграрной науки в современных экономических условиях
606 1# - НАИМЕНОВАНИЕ ТЕМЫ КАК ПРЕДМЕТ
Наименование темы Сельскохозяйственные продукты
Формальный подзаголовок Съезды, совещания и т.п
Тематический подзаголовок Переработка
Системный номер авторитетной/нормативной записи 2086153
Идентификатор авторитетной/нормативной записи RU\NLR\AUTH\661262283
606 1# - НАИМЕНОВАНИЕ ТЕМЫ КАК ПРЕДМЕТ
Наименование темы Сельскохозяйственные продукты
Формальный подзаголовок Съезды, совещания и т.п
Тематический подзаголовок Хранение
Системный номер авторитетной/нормативной записи 1598280
Идентификатор авторитетной/нормативной записи RU\NLR\AUTH\661001621
606 1# - НАИМЕНОВАНИЕ ТЕМЫ КАК ПРЕДМЕТ
Наименование темы Сельское хозяйство
Формальный подзаголовок Съезды, совещания и т.п
Системный номер авторитетной/нормативной записи 896357
Идентификатор авторитетной/нормативной записи RU\NLR\AUTH\664909
675 ## - УНИВЕРСАЛЬНАЯ ДЕСЯТИЧНАЯ КЛАССИФИКАЦИЯ (UDC/УДК)
Индекс 63
686 1# - ИНДЕКСЫ ДРУГИХ КЛАССИФИКАЦИЙ
Индекс Л80я431(0)
686 1# - ИНДЕКСЫ ДРУГИХ КЛАССИФИКАЦИЙ
Индекс П.я431(0)
702 #1 - ИМЯ ЛИЦА - ВТОРИЧНАЯ ОТВЕТСТВЕННОСТЬ
Начальный элемент ввода Зволинский
Часть имени, кроме начального элемента ввода В. П.
Даты 1947-
Расширение инициалов личного имени Вячеслав Петрович
Код отношения Редактор
711 12 - НАИМЕНОВАНИЕ ОРГАНИЗАЦИИ - АЛЬТЕРНАТИВНАЯ ОТВЕТСТВЕННОСТЬ
Начальный элемент ввода "Актуальные вопросы развития аграрной науки в современных экономических условиях", международная научно-практическая конференция молодых ученых
Порядковый номер временной организации и / или порядковый номер ее части 4
Место проведения временной организации с. Соленое Займище, Астраханская обл.
Дата проведения временной организации 2015
Системный номер авторитетной/нормативной записи 490825
Идентификатор авторитетной/нормативной записи RU\NLR\AUTH\880412764
801 #0 - ИСТОЧНИК ЗАПИСИ
Страна Российская Федерация
Организация РГБ
Дата составления 20151008
Правила каталогизации RCR
801 #2 - ИСТОЧНИК ЗАПИСИ
Страна Российская Федерация
Организация РГБ
Дата составления 20151014
Правила каталогизации rcr
801 #1 - ИСТОЧНИК ЗАПИСИ
Страна Российская Федерация
Организация РГБ
Дата составления 20151008
Источник данных rusmarc
942 ## - ДОПОЛНИТЕЛЬНЫЕ ЭЛЕМЕНТЫ ЗАПИСИ (АБИС)
Тип экземпляра АБИС Книга
980 ## - КОЛЛЕКЦИЯ
Название коллекции НБР

Нет доступных экземпляров.